000 00398nam a2200169Ia 4500
003 GCL
008 140319s9999 xx 000 0 eng d
040 _aGCL /
_cGCL
082 0 4 _a953.078
_bH G
100 1 _aHOANG, MICHEL
245 1 0 _aGENGIS KHAN /
_cHOANG, MICHEL
260 _a[S.N] :
_bFAYARD ،
_c1988
300 _a417 P
650 0 4 _aHISTORY
650 0 4 _aGENGIS KHAN
942 _2ddc
_cBK
999 _c23552
_d23552